Vật lý học đại cương T1

Guardat en:
Dades bibliogràfiques
Autor principal: Nguyễn, Viết Kính
Altres autors: Bạch, Thành Công
Format: Llibre
Idioma:Undetermined
Publicat: H. Đại học Quốc gia Hà Nội 2007
Matèries:
Accés en línia:http://lrc.tdmu.edu.vn/opac/search/detail.asp?aID=2&ID=4052
Etiquetes: Afegir etiqueta
Sense etiquetes, Sigues el primer a etiquetar aquest registre!
Thư viện lưu trữ: Trung tâm Học liệu Trường Đại học Thủ Dầu Một
LEADER 00791nam a2200229Ia 4500
001 TDMU_4052
008 210410s9999 xx 000 0 und d
082 |a 530.01 
090 |b N4994 
100 |a Nguyễn, Viết Kính 
245 0 |a Vật lý học đại cương 
245 0 |c Nguyễn viết Kính, Bạch Thành Công, Phan Văn Thích 
245 0 |n T1 
245 0 |p Cơ học và nhiệt học 
260 |a H. 
260 |b Đại học Quốc gia Hà Nội 
260 |c 2007 
300 |a 310 
650 |a Vật lý đại cương; Cơ học; Nhiệt học 
700 |a Bạch, Thành Công 
856 |u http://lrc.tdmu.edu.vn/opac/search/detail.asp?aID=2&ID=4052 
980 |a Trung tâm Học liệu Trường Đại học Thủ Dầu Một